| 000 | 01206cam a22003011i 4500 | ||
|---|---|---|---|
| 003 | SA-RiAUC | ||
| 005 | 20250217070320.0 | ||
| 008 | 250119s2013 su g 000 0bara c | ||
| 020 | _a9786038034644 | ||
| 040 |
_aSA-JeALM _bara _cSA-RiAUC _erda |
||
| 043 | _aa-su--- | ||
| 082 | 0 | 4 |
_a923.7 _qSA-RiAUC |
| 090 |
_a923.7 _bم ح م |
||
| 100 | 1 |
_aمحمود، أحمد حبيب _eمؤلف. |
|
| 245 | 1 | 2 |
_aالسيد حبيب محمود أحمد : _bلمحات من سيرة وحياة ومسيرة إنجاز / _cالدكتور أحمد حبيب محمود. |
| 250 | _aالطبعة الأولى. | ||
| 264 | 1 |
_aجدة [السعودية] : _bدار المنهاج للنشر، _c2013 |
|
| 300 |
_a240 صفحة ؛ _c26 سم |
||
| 336 |
_aنص _btxt _2rdacontent _3كتاب |
||
| 337 |
_aبدون وسيط _bn _2rdamedia |
||
| 338 |
_aمجلد _bnc _2rdacarrier |
||
| 500 | _aاهداء من أخ المؤلف . | ||
| 600 | 1 | 7 |
_aأحمد، حبيب محمود، _d1338-1423 هجري _2aucnm |
| 650 | 7 |
_aالتربويون السعوديون _vتراجم _2aucsh |
|
| 650 | 7 |
_aرجال الدولة _zالسعودية _vتراجم _2aucsh |
|
| 942 |
_2ddc _cBOOK _n0 |
||
| 949 |
_aSA-JeALM _d250119 _uosman123 _n1 |
||
| 999 |
_c5997 _d5997 |
||